000 00722nam a2200217Ia 4500
003 GCL
008 140319s9999 xx 000 0 ara d
040 _aGCL /
_cGCL
082 0 4 _a246
_bن ف
100 1 _aنجاح محسن
245 1 0 _aالفكر السياسى عند المعتزلة /
_cنجاح محسن
250 _aالاولى
260 _aالقاهرة :
_bدار المعارف ،
_c1996
300 _a270 ص ؛
_c24 سم
490 _aالهيئة العامة للاستعلامات
_v0
650 0 4 _aالحركات الفكرية عند المسلمين
650 0 4 _aالفرق الاسلامية
650 0 4 _aالمعتزلة
650 0 4 _aالاسلام والسياسة
942 _2ddc
_cBK
999 _c48879
_d48879